| 000 | 00833cam a2200217 a 4500 | ||
|---|---|---|---|
| 001 | 000004885 | ||
| 005 | 20200929151527.0 | ||
| 008 | 770825s1948 mx 001 0dspa | ||
| 040 |
_cBNPHU _bspa _cBNPHU _aDO-SdBNP |
||
| 082 |
_aE860.4 _aI32 |
||
| 100 | 1 |
_aAnderson Imbert, Enrique, _d1910-2000. _914134 |
|
| 245 | 1 | 3 | _aEl arte de la prosa en Juan Montalvo. |
| 260 |
_a[Mexico] : _bEl Colegio de Mexico, _c[1948]. |
||
| 300 |
_a236 p. ; _c23 cm. |
||
| 490 | 1 |
_aCentro de Estudios Literarios de El Colegio de Mexico 9 _v9 |
|
| 504 | _a"Cuadro bio-bibliográfico": p. 219-225. "Bibliografía crítica": p. 226-229. | ||
| 600 | 1 | 4 |
_aMONTALVO, JUAN, _d1833-1889. _xCRÍTICA E INTREPRETACIÓN _914135 |
| 650 | 4 |
_aLiteratura ecuatoriana _xHistoria y crítica _93931 |
|
| 650 | 4 |
_aArte y literatura _9652 |
|
| 650 | 4 |
_aEnsayos ecuatorianos _93909 |
|
| 999 |
_c4691 _d4691 |
||